| 000 | 00618nam a2200193Ia 4500 | ||
|---|---|---|---|
| 008 | 140626s9999 xx 000 0 und d | ||
| 100 | _aJuratovac, Evanne. | ||
| 245 |
_aEffort, workload, and depressive symptoms in family caregivers of older adults : _bconceptualizing and testing work-health relationship / _cEvanne Juratovac … [et al.]. |
||
| 260 | _cc2012. | ||
| 300 | _a26 : 2, page 74 | ||
| 440 | _aResearch and Theory for Nursing Practice | ||
| 521 | _aNUR | ||
| 650 | _aCaregivers. | ||
| 650 | _aEffort. | ||
| 650 | _aFamily assessment. | ||
| 650 | _aFamily. | ||
| 650 | _aWorkload. | ||
| 942 | _cSE | ||
| 999 |
_c121379 _d121379 |
||